Sankshiptnatyashastram/ (Record no. 40344)

000 -LEADER
fixed length control field 00375nam a22001571a 4500
020 ## - INTERNATIONAL STANDARD BOOK NUMBER
ISBN 9788181439116
082 ## - DEWEY DECIMAL CLASSIFICATION NUMBER
Classification number S 792.8
Item number RAD/S
100 ## - MAIN ENTRY--AUTHOR NAME
Personal name Radha Ballabh Tripathi
245 ## - TITLE STATEMENT
Title Sankshiptnatyashastram/
Statement of responsibility, etc by Radha Ballabh Tripathi
260 ## - PUBLICATION, DISTRIBUTION, ETC. (IMPRINT)
Place of publication New Delhi:
Name of publisher Vani,
Year of publication 2006.
300 ## - PHYSICAL DESCRIPTION
Number of Pages 291p.
650 ## - SUBJECT ADDED ENTRY--TOPICAL TERM
Topical Term Natyasastra
650 ## - SUBJECT ADDED ENTRY--TOPICAL TERM
Topical Term Dance
650 ## - SUBJECT ADDED ENTRY--TOPICAL TERM
Topical Term Arts
942 ## - ADDED ENTRY ELEMENTS (KOHA)
Koha item type Book
Holdings
Withdrawn status Lost status Damaged status Not for loan Permanent Location Current Location Date acquired Cost, normal purchase price Full call number Accession Number Cost, replacement price Price effective from Koha item type
        Sree Sankaracharya University of Sanskrit Sree Sankaracharya University of Sanskrit 08.01.2015 600.00 S 792.8 RAD/S 059186 0.00 08.01.2015 Book